Statistics for All Taylor Swift Songs (2024)

Click here to take the quiz!

General Stats

  • This quiz has been taken 39 times
    (8 since last reset)
  • The average score is 199 of 267

Answer Stats

HintAnswer% Correct
15Afterglow
100%
5All Too Well
100%
30All Too Well (10 Minute Version)
100%
5All You Had To Do Was Stay
100%
8Bad Blood
100%
Bad Blood (feat. Kendrick Lamar)
100%
10Better Than Revenge
100%
14betty
100%
2Blank Space
100%
2cardigan
100%
13Clean
100%
14closure
100%
18Come Back...Be Here
100%
2Cruel Summer
100%
18Daylight
100%
5Dear John
100%
10Death By A Thousand Cuts
100%
5Delicate
100%
4Don't Blame Me
100%
2End Game (feat. Ed Sheeran & Future)
100%
13epiphany
100%
15evermore (feat. Bon Iver)
100%
4exile (feat. Bon Iver)
100%
13False God
100%
1Fearless
100%
11Forever & Always
100%
16Forever & Always (Piano Version)
100%
19Girl At Home
100%
12Haunted
100%
16hoax
100%
3I Did Something Bad
100%
1I Forgot That You Existed
100%
23I Hate It Here
100%
4I Knew You Were Trouble
100%
10illicit affairs
100%
11Innocent
100%
13Invisible
100%
11invisible string
100%
17it's time to go
100%
13Last Kiss
100%
14Long Live
100%
12long story short
100%
3Lover
100%
Lover (with Shawn Mendes)
100%
13marjorie
100%
6Mean
100%
16ME! (feat. Brendon Urie of Panic! At The Disco)
100%
1Mine
100%
5my tears ricochet
100%
8Never Grow Up
100%
16New Romantics
100%
15New Year's Day
100%
15Ours
100%
11Our Song
100%
4Out of the Woods
100%
8Paper Rings
100%
28Peter
100%
2Picture to Burn
100%
1...Ready For It?
100%
2Red
100%
16right where you left me
100%
12Sad Beautiful Tragic
100%
7seven
100%
9Should've Said No
100%
12Soon You'll Get Better (feat. The Chicks)
100%
2Sparks Fly
100%
4Speak Now
100%
3Style
100%
3Teardrops On My Guitar
100%
5The Archer
100%
7The Story Of Us
100%
2The Tortured Poets Department
100%
9this is me trying
100%
11This Love
100%
7Tied Together With A Smile
100%
1Tim McGraw
100%
8We Are Never Ever Getting Back Together
100%
1Welcome To New York
100%
5White Horse
100%
9Wildest Dreams
100%
14Wonderland
100%
15You Are In Love
100%
6You Belong With Me
100%
9You're Not Sorry
100%
622
80%
3Anti-Hero
80%
Anti-Hero (with Bleachers)
80%
8august
80%
3Back To December
80%
9Bejeweled
80%
22Better Man
80%
26Bye Bye Baby
80%
14Call It What You Want
80%
Carolina
80%
27Cassandra
80%
2champagne problems
80%
16Clara Bow
80%
9coney island (feat. The National)
80%
9Cornelia Street
80%
11cowboy like me
80%
11Dancing With Our Hands Tied
80%
25Don't You
80%
12Dress
80%
17Electric Touch (feat. Fall Out Boy)
80%
9Enchanted
80%
14Everything Has Changed (feat. Ed Sheeran)
80%
8Florida!!! (feat. Florence + the Machine)
80%
21Foolish One
80%
27Forever Winter
80%
9Getaway Car
80%
18Glitch
80%
8Gorgeous
80%
4Hey Stephen
80%
11Holy Ground
80%
26I Bet You Think About Me (feat. Chris Stapleton)
80%
19I Can See You
80%
I Don't Wanna Live Forever (with ZAYN)
80%
18imgonnagetyouback
80%
12I'm Only Me When I'm With You
80%
6I Think He Knows
80%
17It's Nice To Have A Friend
80%
10ivy
80%
7I Wish You Would
80%
11Karma
80%
23Karma (feat. Ice Spice)
80%
10King of My Heart
80%
1Lavender Haze
80%
6Look What You Made Me Do
80%
3Love Story
80%
12mad woman
80%
2Maroon
80%
10Mary's Song (Oh My My My)
80%
25Message In A Bottle
80%
6Midnight Rain
80%
6mirrorball
80%
7Miss Americana & The Heartbreak Prince
80%
22Mr. Perfectly Fine
80%
23Nothing New (feat. Phoebe Bridgers)
80%
16Paris
80%
30Robin
80%
21Ronan
80%
28Run (feat. Ed Sheeran)
80%
6Shake It Off
80%
4Snow On The Beach (feat. Lana Del Rey)
80%
22Snow On The Beach (feat. More Lana Del Rey)
80%
15Starlight
80%
1State Of Grace
80%
20State Of Grace (Acoustic Version)
80%
8Stay Beautiful
80%
9Stay Stay Stay
80%
16Superman
80%
12Sweet Nothing
80%
24thanK you aIMee
80%
1the 1
80%
19The Albatross
80%
15The Alchemy
80%
12The Best Day
80%
17The Black Dog
80%
14The Great War
80%
10The Last Time (feat. Gary Lightbody)
80%
13The Lucky One
80%
4The Man
80%
31The Manuscript
80%
26The Prophecy
80%
14The Smallest Man Who Ever Lived
80%
29The Very First Night
80%
10The Way I Loved You
80%
13This Is Why We Can't Have Nice Things
80%
5tolerate it
80%
3Treacherous
80%
18When Emma Falls in Love
80%
1willow
80%
14You Need To Calm Down
80%
4A Place In This World
60%
24Babe
60%
Babe (with Sugarland)
60%
16Begin Again
60%
6But Daddy I Love Him
60%
20Castles Crumbling (feat. Hayley Williams)
60%
20Chloe or Sam or Sophia or Marcus
60%
Christmas Tree Farm
60%
5Cold As You
60%
8dorothea
60%
4Down Bad
60%
Eyes Open
60%
2Fifteen
60%
1Fortnight (feat. Post Malone)
60%
7Fresh Out The Slammer
60%
3gold rush
60%
7happiness
60%
17High Infidelity
60%
21Hits Different
60%
10How You Get the Girl
60%
13I Can Do It With a Broken Heart
60%
25I Look in People's Windows
60%
14Jump Then Fall
60%
10Labyrinth
60%
1Last Christmas
60%
12loml
60%
11London Boy
60%
13Mastermind
60%
3My Boy Only Breaks His Favorite Toys
60%
Only The Young
60%
15peace
60%
7Question...?
60%
Renegade (with Big Red Machine)
60%
Safe & Sound (with The Civil Wars)
60%
22So High School
60%
7So It Goes...
60%
5So Long, London
60%
18Superstar
60%
Sweeter Than Fiction
60%
8Tell Me Why
60%
24That's When (feat. Keith Urban)
60%
29The Bolter
60%
17the lakes
60%
3the last great american dynasty
60%
17The Moment I Knew
60%
6The Outside
60%
22Timeless
60%
4'tis the damn season
60%
8Vigilante Shit
60%
10Who's Afraid of Little Old Me?
60%
19Would've, Could've, Should've
60%
21You All Over Me (feat. Maren Morris)
60%
You're Losing Me
60%
5You're On Your Own, Kid
60%
All Of The Girls You Loved Before
40%
14A Perfectly Good Heart
40%
Beautiful Ghosts
40%
15Bigger Than The Whole Sky
40%
Birch (with Big Red Machine)
40%
7Breathe (feat. Colbie Caillat)
40%
13Change
40%
2Christmases When You Were Mine
40%
17Come In With The Rain
40%
20Dear Reader
40%
21How Did It End?
40%
7I Almost Do
40%
I Heart ?
40%
12I Know Places
40%
3Santa Baby
40%
19The Other Side Of The Door
40%
20Today Was A Fairytale
40%
23We Were Happy
40%
6White Christmas
40%
Beautiful Eyes
20%
Both of Us (with B.O.B.)
20%
5Christmas Must Be Something More
20%
Crazier
20%
9Guilty as Sin?
20%
Highway Don't Care (with Tim McGraw)
20%
11I Can Fix Him (No Really I Can)
20%
If This Was A Movie
20%
Macavity
20%
6no body, no crime (feat. HAIM)
20%
4Silent Night
20%
The Joker And The Queen (with Ed Sheeran)
20%
Thug Story (with T-Pain)
20%
15Untouchable
20%
Gasoline (with HAIM)
0%
Half Of My Heart (with John Mayer)
0%
Need
0%
The Alcott (with The National)
0%
Three Sad Virgins (with Pete Davidson)
0%
Two Is Better Than One (with Boys Like Girls)
0%

Score Distribution

Percentile by Number Answered

Percent of People with Each Score

Your Score History

You have not taken this quiz since the last reset